000 01157nam a2200229Ia 4500
001 L240-31575
003 IT-CnALBA
008 170116s9999||||xx |||||||||||||| ||und||
040 _aIT-CnALBA
_cIT-CnALBA
041 _aITALIANO
100 _aMAGGIONI BRUNO, SAC. DOTT.
245 0 _aBATTESIMO, PURIIFICAZIONE, RINASCITA.
250 _a1a ed.
260 _a TORINO. ROMA
_bBORLA EDITORE
_c1993 [1° Ed.:1993 - Ed.Ling.Originale: 1993]
300 _a381 p.
500 _aRINASCITA NELLA BIBBIA E NEGLI ANTICHI SCRITTI GIUDAICI. GIOVANNI BATTISTA. BATTESIMO DI GESÙ. I PADRI APOSTOLICI. ORIGENE. TERTULLIANO. CIPRIANO. CIRILLO DI GERUSALEMME CRISOSTOMO AMBROGI. AGOSTINO. TESTI LITURGICI ANTICHI.
501 _aSocietà San Paolo EM - Piazza San Paolo, 14 - 12051 ALBA (CN) (non commercial uses only) ® Copyright 2017
520 _aRINASCITA NELLA BIBBIA E NEGLI ANTICHI SCRITTI GIUDAICI. GIOVANNI BATTISTA. BATTESIMO DI GESÙ. I PADRI APOSTOLICI. ORIGENE. TERTULLIANO. CIPRIANO. CIRILLO DI GERUSALEMME CRISOSTOMO AMBROGI. AGOSTINO. TESTI LITURGICI ANTICHI.
650 _aTEOLOGIA SPIRITUALE CRISTIANA
942 _cBK
957 _71
999 _a36343
_bNO
_g Copie: 1
_c290409
_d290409